000 00938nam a2200325 4500
001 29594
003 BD-RjUL
005 20211209051430.0
008 720915s1973 nyua b 000 0 eng
020 _a0070314578
035 _a(BD-RjUL)29679
040 _aDLC
_cDLC
_dDLC
_dBD-RjUL
_beng
041 _aeng
060 _aWS460 H965a 1973
082 0 0 _a155.5
_bHUA 1973
100 1 _aHurlock, Elizabeth Bergner,
_d1898-
_990183
245 1 0 _aAdolescent development /
_cElizabeth B. Hurlock.
250 _a4th ed.
260 _aNew York :
_bMcGraw-Hill,
_cc1973.
300 _axiv, 427 p. :
_bill. ;
_c24 cm.
490 0 _aMcGraw-Hill series in psychology
504 _aBibliography: p. [345]-413.
504 _aIncludes index.
650 0 _aAdolescent psychology.
_988071
650 2 _aAdolescence.
_990184
650 2 _aAdolescent psychology.
_988071
942 _2ddc
_cBK
999 _c29594
_d29594